| 000 | 00624nam a2200229 i 4500 | ||
|---|---|---|---|
| 001 | 15149 | ||
| 003 | ES-MaACL | ||
| 005 | 20230906151012.0 | ||
| 007 | t| | ||
| 008 | 991227s1992 sp ||||1| spa d | ||
| 020 | _a84-7517-353-5 | ||
| 080 | _a821.134.2-14"19" | ||
| 100 | 1 |
_aMunárriz, Jesús. _984170 |
|
| 245 | 1 | 0 |
_aOtros labios me sueñan / _cJesús Munárriz. |
| 250 | _a1ª ed. | ||
| 260 |
_aMadrid : _bHiperión, _c1992. |
||
| 300 |
_a89 p. ; _c20 cm. |
||
| 490 | 1 |
_aPoesía Hiperión ; _v195 |
|
| 830 | 0 |
_aPoesía Hiperión ; _v195 _9177326 |
|
| 852 |
_aES-MaACL _jL-22291 _bR.127696 |
||
| 999 |
_c15149 _d15149 |
||